L'annee technologique

Spremljeno u:
Bibliografski detalji
Format: Knjiga
Jezik:Undetermined
Izdano: Paris 1987
Teme:
Oznake: Dodaj oznaku
Bez oznaka, Budi prvi tko označuje ovaj zapis!
Thư viện lưu trữ: Trung tâm Học liệu Trường Đại học Cần Thơ
LEADER 00416nam a2200145Ia 4500
001 CTU_98133
008 210402s9999 xx 000 0 und d
082 |a 670.42 
082 |b A613 
245 0 |a L'annee technologique 
260 |a Paris 
260 |c 1987 
650 |a Production engineering,Industrial engineering,Manufacturing processes 
904 |i Truc 
980 |a Trung tâm Học liệu Trường Đại học Cần Thơ